Collaboration is the key! (Record no. 76327)
[ view plain ]
| 000 -LEADER | |
|---|---|
| fixed length control field | 00874cab a2200205 4500 |
| 001 - CONTROL NUMBER | |
| control field | ##L132106 |
| 008 - FIXED-LENGTH DATA ELEMENTS--GENERAL INFORMATION | |
| fixed length control field | 060110n2006 000 0 eng u |
| 035 ## - SYSTEM CONTROL NUMBER | |
| System control number | (Sirsi) u132106 |
| 041 0# - LANGUAGE CODE | |
| Language code of text/sound track or separate title | eng |
| 100 1# - MAIN ENTRY--PERSONAL NAME | |
| Personal name | Johnston, Bill |
| 245 00 - TITLE STATEMENT | |
| Title | Collaboration is the key! |
| 260 ## - PUBLICATION, DISTRIBUTION, ETC. | |
| Date of publication, distribution, etc. | 2006 |
| 490 #0 - SERIES STATEMENT | |
| Series statement | Building Engineer |
| Volume/sequential designation | 81(1) January 2006, 16-17(2) |
| 520 ## - SUMMARY, ETC. | |
| Summary, etc. | Discusses the changes to parts F and L of the Building Regulations, due to take effect in April 2006, and illustrates how designers, specifiers, builders and product manufacturers will have to work closely together to prevent errors in design, building and product provision. |
| 590 ## - LOCAL NOTE (RLIN) | |
| Local note | IKA170106 |
| 650 24 - SUBJECT ADDED ENTRY--TOPICAL TERM | |
| Topical term or geographic name entry element | BUILDING REGULATIONS 2000 APPROVED DOCUMENT F (2005 EDITION) |
| 650 24 - SUBJECT ADDED ENTRY--TOPICAL TERM | |
| Topical term or geographic name entry element | BUILDING REGULATIONS 2000 APPROVED DOCUMENT L2 (2002 EDITION) |
| 690 ## - LOCAL SUBJECT ADDED ENTRY--TOPICAL TERM (OCLC, RLIN) | |
| Topical term or geographic name as entry element | Building regulations |
| 9 (RLIN) | 6224 |
| 942 ## - ADDED ENTRY ELEMENTS (KOHA) | |
| Suppress in OPAC | 0 |
| Withdrawn status | Lost status | Source of classification or shelving scheme | Damaged status | Not for loan | Home library | Current library | Shelving location | Date acquired | Total Checkouts | Full call number | Barcode | Date last seen | Copy number | Price effective from | Koha item type |
|---|---|---|---|---|---|---|---|---|---|---|---|---|---|---|---|
| Dewey Decimal Classification | London | London | Journal article | 18/05/2011 | L132106 | 132106-1001 | 06/08/2019 | 1 | 06/08/2019 | Journal article |